000
00272nam a22001217a 4500
008
180806b xxu||||| |||| 00| 0 eng d
082
_a
813.52
245
_a
Planet earth
_c
BRITANNICA
260
_c
2008
300
_a
1
_f
CD
440
_x
C8ZA1A7EA0034017
942
_2
ddc
_c
MX
999
_c
46818
_d
46818